| 000 | 01590cam a22003251i 4500 | ||
|---|---|---|---|
| 003 | SA-RiAUC | ||
| 005 | 20250104053606.0 | ||
| 008 | 250102s1995 su f 000r0 ara c | ||
| 040 |
_aSA-JeALM _bara _cSA-RiAUC _erda |
||
| 082 | 0 | 4 | _a257.1 |
| 090 |
_a257.1 _bا ب ن م |
||
| 100 | 1 |
_aابن الموصلي، محمد بن محمد بن عبد الكريم، _d699-774 هجري _eمؤلف. |
|
| 245 | 1 | 0 |
_aكتاب حسن السلوك الحافظ دولة الملوك / _cتأليف محمد بن محمد بن عبد الكريم الموصلي الشافعي ؛ دراسة وتحقيق وتعليق فؤاد عبد المنعم أحمد. |
| 246 | 3 | 0 | _aحسن السلوك الحافظ دولة الملوك |
| 250 | _aالطبعة الأولى. | ||
| 264 | 1 |
_aالرياض : _bدار الوطن، _c1996 |
|
| 300 |
_a271 صفحة ؛ _c24 سم. |
||
| 336 |
_aنص _btxt _2rdacontent _3كتاب |
||
| 337 |
_aبدون وسيط _bn _2rdamedia |
||
| 338 |
_aمجلد _bnc _2rdacarrier |
||
| 490 | 0 | _aمن تراث الفقه السياسي الإسلامي | |
| 500 | _aالأصل أطروحة دكتوراه-جامعة الإسكندرية، 1972. | ||
| 500 | _aاهداء من المحقق فؤاد عبدالمنعم احمد بتاريخ 10 رمضان 1416 هـ | ||
| 650 | 7 |
_aنظم الحكم في الإسلام _2aucsh |
|
| 650 | 7 |
_aالنظام السياسي في الإسلام _2aucsh |
|
| 650 | 7 |
_aالخلافة _2aucsh |
|
| 700 | 1 |
_aأحمد، فؤاد عبد المنعم، _d1941- _eمحقق. |
|
| 942 |
_2ddc _cBOOK _n0 |
||
| 949 |
_aSA-JeALM _d250102 _uosman123 _n1 |
||
| 999 |
_c4408 _d4408 |
||